| 000 | 003570000a22001570004500 | ||
|---|---|---|---|
| 003 | LK-CoMWRAF | ||
| 008 | 230817t ||||| |||| 00| 0 eng d | ||
| 040 |
_aLK-CoMWRAF _dLK-CoMWRAF _eLK-CoMWRAF |
||
| 041 | _aeng | ||
| 082 |
_a750 _bMUS |
||
| 245 |
_aThe Muslim women _b |
||
| 260 |
_aColombo _bSLMWC |
||
| 300 | _ap.u.n. | ||
| 650 | _amuslims | ||
| 942 | _cBK | ||
| 999 |
_c2616 _d2616 |
||